| 000 | 00422nam a2200169Ia 4500 | ||
|---|---|---|---|
| 008 | 221030s9999 xx 000 0 und d | ||
| 020 | _a812591238X | ||
| 041 | _aEnglish | ||
| 082 |
_a105.23 _bRaj |
||
| 100 | _aR. S. Rajesh | ||
| 245 | 0 | _aComputer Networks Fundamentals & Applications | |
| 260 |
_bVikas Pub House _aNew Delhi _c2003 |
||
| 300 | _a245 | ||
| 650 | _aComputers | ||
| 700 | _aK. S. Easwarkumar | ||
| 942 | _cBK | ||
| 999 |
_c326 _d326 |
||